LEADER 01198nam0 22003253i 450 001 RMG0018944 005 20231121125651.0 010 $a8838704899 100 $a20161114d1995 ||||0itac50 ba 101 | $aita 102 $ait 181 1$6z01$ai $bxxxe 182 1$6z01$an 200 1 $a˜La œqualità dei prodotti alimentari$ela tutela igienico-sanitaria degli alimenti$fCarlo Correra 210 $aRimini$cMaggioli$d\1995! 215 $a649 p.$d24 cm 225 | $aImpresa & professioni$v65 300 $aSegue: Appendice legislativa. 410 0$1001CFI0289307$12001 $aImpresa & professioni$v65 606 $aGeneri alimentari$xIgiene$2FIR$3RMLC420830$9I 676 $a344.460$9$v21 700 1$aCorrera$b, Carlo$3CFIV007099$4070$021611 801 3$aIT$bIT-01$c20161114 850 $aIT-FR0017 899 $aBiblioteca umanistica Giorgio Aprea$bFR0017 912 $aRMG0018944 950 0$aBiblioteca umanistica Giorgio Aprea$d 52CIS 13/2102$e 52VM 0000804585 VM barcode:00074397. - Inventario:5270 FSSVM$fA $h20090924$i20121204 977 $a 52 996 $aQualità dei prodotti alimentari$9841763 997 $aUNICAS LEADER 02265nam0 22004213i 450 001 RMG0028380 005 20251003044337.0 010 $a8844900688 100 $a20140616d1998 ||||0itac50 ba 101 | $aita 102 $ait 181 1$6z01$ai $bxxxe 182 1$6z01$an 200 1 $aˆLa ‰gestione dei fondi pensione$esoggetti abilitati, forme di prestazioni, strategie di investimento e riflessi operativi per le banche$fABI$gsaggi di D. Santececca ... [et al.! 210 $aRoma$cBancaria editrice$d[1998! 215 $a308 p.$d24 cm 225 | $aCollana ABI diritto e fisco$v13 300 $aSegue: Appendice normativa. 410 0$1001BVE0091383$12001 $aCollana ABI diritto e fisco$v13$171202$aABI$c $3CFIV013528 606 $aFondi pensione$xGestione finanziaria$2FIR$3CFIC128449$9I 676 $a346.4508637$9DIRITTO DELLE ASSICURAZIONI. Vitalizi. Italia$v21 696 $aFondi pensionistici$aFondi di quiescenza 699 $aFondi pensione$yFondi pensionistici 699 $aFondi pensione$zFondi di quiescenza 702 1$aSantececca$b, Domenico$3RMGV010107 710 02$aABI$c $3CFIV013528$4070$0371734 791 02$aAssociazione bancaria italiana$b : Area studi e tecnologie$3CFIV013529$zABI 791 02$aAssociazione bancaria italiana$3CFIV209161$zABI 791 02$aAssociazione bancaria italiana$b : Area studi e tecnologie$3CFIV013529$zABI 791 02$aAssociazione bancaria italiana$3CFIV209161$zABI 801 3$aIT$bIT-000000$c20140616 850 $aIT-BN0095 901 $bNAP 01$cPOZZO LIB.$nVi sono collocati fondi di economia, periodici di ingegneria e scienze, periodici di economia e statistica e altri fondi comprendenti documenti di economia pervenuti in dono. 912 $aRMG0028380 950 0$aBiblioteca Centralizzata di Ateneo$c1 v.$d 01POZZO LIB.ECON MON 3517$e 01AR 0700314815E VMA 1 v. (Precedente collocazione: EC (AR) 31 481)$fB $h20140926$i20140926 977 $a 01 996 $aGestione dei fondi pensione$966685 997 $aUNISANNIO